[Event "Biel Suri Memorial"]
[Site "Biel"]
[Date "2014.07.19"]
[Round "6"]
[White "Giri, Anish"]
[Black "Hou, Yifan"]
[Result "1/2-1/2"]
[WhiteElo "2750"]
[BlackElo "2629"]
[Annotator "CB"]
[PlyCount "138"]
[EventDate "2014.07.14"]
[EventType "tourn"]
[EventRounds "10"]
[EventCountry "SUI"]
[EventCategory "19"]
[SourceTitle "CBM 162"]
[Source "ChessBase"]
[SourceDate "2014.09.17"]
[SourceVersion "1"]
[SourceVersionDate "2014.09.17"]
[SourceQuality "1"]

1. e4 c5 2. Nf3 e6 3. d4 cxd4 4. Nxd4 Nc6 5. Nc3 Qc7 6. Be2 a6 7. O-O Nf6 8.
Be3 Be7 9. f4 d6 10. Qe1 O-O 11. Kh1 Nxd4 12. Bxd4 b5 13. Qg3 Bb7 14. a3 Rad8
15. Rae1 Rd7 16. Bd3 Re8 17. a4 {Unusual in a common position.} b4 18. Na2 Qa5
19. Nc1 Qh5 {with the eventual plan of exchanging queens, but it doesn't
manage to fully equalize.} 20. Nb3 Qg6 21. Qh3 (21. Qxg6 hxg6 22. Na5 {
immediately was also dangerous.}) 21... Qg4 22. Qxg4 Nxg4 23. Na5 Ra8 {
something has obviously gone wrong with Black's position. She is on the verge
of losing the pair of bishops and a6 will be weak. Ra8 is already a move that
Black would rather not play.} 24. Be2 Nf6 25. Bf3 Ne8 26. c3 bxc3 27. bxc3 Bd8
28. Nxb7 Rxb7 29. e5 d5 30. c4 (30. Rb1 Rab8 31. Rxb7 Rxb7 32. Be2 Nc7 $14)
30... Rb4 $1 31. Rc1 Rxa4 32. g3 $1 g5 $1 {Very resourceful play from both
sides! White tries to push his c-pawn or create pressure on d5, Black hurries
with her counterplay.} 33. Bg1 $1 Nc7 34. Bb6 Ne8 35. Be3 (35. Bxd8 Rxd8 36.
cxd5 exd5 37. fxg5 $16 {would have been a real problem for Black.}) 35... Nc7
36. fxg5 Rb8 37. Ba7 Rb7 38. Be3 Rb8 39. Ba7 Rb7 40. Bc5 Bxg5 41. Rc2 Rb3 42.
cxd5 (42. Bh5 {this move was more dangerous.}) 42... Nxd5 43. Bh5 f5 44. exf6
Bxf6 45. Bd6 Rc3 46. Rb2 Rc8 47. Rb7 Rd8 48. Bc5 Rc4 49. Bg1 Rf8 50. Be2 Rc6
51. Bd3 Rc7 (51... Rf7 $1 $11) 52. Bxa6 Rxb7 53. Bxb7 {Black is only
marginally worse now as most 2v1 endgames are drawn.} Kg7 54. Bc6 Rf7 55. Re1
Re7 56. Re4 Kf7 57. Rc4 Be5 58. Rh4 Kg7 59. Rh5 Bf6 60. Bxd5 exd5 61. Rxd5 {
White wins a pawn, but its irrelevant.} Re2 62. h4 Kg6 63. Rd6 Kf5 64. g4+ Ke5
65. Rd7 Bxh4 66. Rxh7 Bg5 67. Rf7 Ke6 68. Rg7 Bf6 69. Rg8 Kf7 1/2-1/2

[Event "Corsica Masters KO 18th"]
[Site "Bastia"]
[Date "2014.10.22"]
[Round "4.2"]
[White "Fedorchuk, Sergey A"]
[Black "Hou, Yifan"]
[Result "0-1"]
[WhiteElo "2673"]
[BlackElo "2673"]
[Annotator "Ramirez Alvarez,A"]
[PlyCount "86"]
[EventDate "2014.10.19"]
[EventType "k.o. (rapid)"]
[EventRounds "4"]
[EventCountry "FRA"]
[SourceTitle "EXT 2015"]
[Source "ChessBase"]
[SourceDate "2014.11.20"]
[SourceVersion "1"]
[SourceVersionDate "2014.11.20"]
[SourceQuality "1"]

1. e4 c5 2. Nf3 Nc6 $5 {Hou Yifan is well versed in her Sicilians, but it is
not so common for her to start the game like this.} 3. Nc3 {An anti-Sveshnikov
move, but I doubt the World Champion was planning to play that with the Black
pieces.} g6 {The accelerated Dragon becomes more feasible for top-GMs to play
once the Maroczy has been avoided.} 4. d4 cxd4 5. Nxd4 Bg7 6. Be3 Nf6 7. Be2 {
An old but relatively quiet line, Black is not supposed to have too many
problems in this variation.} (7. Bc4 O-O 8. Bb3 {is still the most
theoretically challenging line. Black has a few options at her disposal.}) 7...
O-O 8. f4 (8. O-O d5 {is already known to be equal.}) 8... d6 9. Nb3 {This
line has fallen out of popularity for a long time now. Black has more than one
continuation that promises good play.} a6 (9... Be6 10. g4 d5 11. f5 Bc8 12.
exd5 Nb4 13. Bf3 {is a famous and old game between Fischer-Reshevsky, 1961.}) (
9... a5 $1 {is more assertive.}) (9... e5 $5) 10. g4 {White's attack on the
kingside in these kinds of situations is usually somewhat slow. It is more
visually impactful than dangerous.} b5 11. g5 Nd7 12. Qd2 Nb6 {Black quickly
transfers the knight to the queenside, hoping to put pressure there quickly.}
13. O-O-O Na4 $1 {This is the point. Now c3 is under attack and Black already
has concrete threats.} 14. Nd4 Bb7 $6 (14... Nxc3 $1 15. Qxc3 Nxd4 16. Bxd4 e5
$1 $17 {would have been a perfect way to continue the game. White's structure
is falling apart.}) 15. Nd5 Nxd4 16. Bxd4 e5 17. fxe5 Bxd5 $1 {An important
strategical decision. White's knight on d5 is far more useful for White than
the bishop as Black is embarking on a dark-square attack.} 18. exd5 dxe5 19.
Be3 Qd6 $6 {Letting Fedorchuk slightly off the hook.} (19... e4 $1 20. Bd4 (20.
c3 b4 {is not a position that White can survive.}) 20... Qxd5 $17 {is a clean
pawn.}) 20. Kb1 Rac8 {Black still keeps some initiative. Notice that White has
not had time to develop anything on the other flank.} 21. h4 $2 e4 $6 {Missing
a brilliant finish.} (21... Rc3 $3 {This unusual move wins on the spot. The
point is that b4 is now clear for the queen, making the attack on the
queenside far more dangerous. The rook is clearly taboo.} 22. Ka1 (22. bxc3 Qa3
{with unstoppable mate following up.}) 22... e4 23. Rb1 Ra3 $1) 22. Bd4 Qxd5
23. Qe3 Bxd4 24. Rxd4 Qc5 25. c3 Rfd8 26. Rhd1 Rxd4 27. Rxd4 Re8 {At the end
of the day White has survived the attack. He is down a pawn but can regain it
in the next move; though he would still be a little worse.} 28. h5 $2 (28. Bf3
$1 Qf5 29. Bxe4 Qf1+ 30. Qc1 Qf2 $15) 28... Qe5 29. h6 Nc5 $2 {Already with
both players in time pressure both players miss an important resource here.}
30. Bg4 $2 (30. c4 $1 {White has the strong threat of Rd5, and its
surprisingly difficult to stop!}) 30... Kf8 31. a3 Ne6 32. Bxe6 Qxe6 33. a4 Qf5
{Black is now up a pawn. It is difficult to convert, but it helps when all you
need is a draw.} 34. a5 Qf3 $1 35. Qxf3 exf3 36. Rf4 Re1+ 37. Kc2 Re2+ 38. Kb3
f2 39. Ka3 (39. Rf6 $8 $11) 39... f5 $1 {A nice move! This clears the path for
Black's king as the pawn cannot be taken.} 40. b3 (40. gxf6 g5 $19) 40... Ke7
41. Rf3 Ke6 42. Kb4 Kd5 43. Rf4 Re4+ (43... Re4+ 44. c4+ bxc4 45. Rxf2 cxb3+
46. Kxb3 f4 {is very hopeless.}) 0-1

[Event "Beijing Sportaccord rap (Women)"]
[Site "Beijing"]
[Date "2014.12.11"]
[Round "1"]
[White "Ushenina, Anna"]
[Black "Hou, Yifan"]
[Result "1/2-1/2"]
[WhiteElo "2494"]
[BlackElo "2673"]
[PlyCount "102"]
[EventDate "2014.12.11"]
[EventType "swiss (rapid)"]
[EventRounds "7"]
[EventCountry "CHN"]
[SourceTitle "CBM 163 Extra"]
[Source "ChessBase"]
[SourceDate "2014.12.23"]
[SourceVersion "1"]
[SourceVersionDate "2014.12.23"]
[SourceQuality "1"]

1. d4 e6 2. Nf3 c5 3. e3 Nf6 4. Bd3 b6 5. O-O Be7 6. b3 Bb7 7. Bb2 O-O 8. c4
Nc6 9. Nbd2 cxd4 10. Nxd4 Nxd4 11. Bxd4 d5 12. Qe2 Qd6 13. Rfd1 Rfd8 14. Nf3
dxc4 15. Bxc4 Qa3 16. Ne5 h6 17. h3 Rac8 18. Qb2 Ne4 19. Qe2 Bh4 20. Rf1 Bf6
21. Nf3 Nc3 22. Qc2 Bxd4 23. Nxd4 Ba6 24. Bxa6 Qxa6 25. Qb2 Qd3 26. Kh1 e5 27.
Nf3 f6 28. Rac1 Ne2 29. Rcd1 Qxd1 30. Rxd1 Rxd1+ 31. Kh2 Nc3 32. Qc2 Rdd8 33.
Qg6 Nd5 34. Qg4 Ne7 35. Qe6+ Kf8 36. Nh4 Rc2 37. f4 exf4 38. exf4 Rdd2 39. f5
Re2 40. Qd7 Kf7 41. Qxa7 Rxa2 42. Qxb6 Re5 43. Qb7 Ree2 44. b4 Rab2 45. Kh1
Re1+ 46. Kh2 Ree2 47. Kh1 Rb1+ 48. Kh2 Rbb2 49. Kh1 Re1+ 50. Kh2 Ree2 51. Kh1
Re1+ 1/2-1/2

[Event "Beijing Sportaccord rap (Women)"]
[Site "Beijing"]
[Date "2014.12.11"]
[Round "2"]
[White "Hou, Yifan"]
[Black "Zhao, Xue"]
[Result "1/2-1/2"]
[WhiteElo "2673"]
[BlackElo "2514"]
[PlyCount "175"]
[EventDate "2014.12.11"]
[EventType "swiss (rapid)"]
[EventRounds "7"]
[EventCountry "CHN"]
[SourceTitle "CBM 163 Extra"]
[Source "ChessBase"]
[SourceDate "2014.12.23"]
[SourceVersion "1"]
[SourceVersionDate "2014.12.23"]
[SourceQuality "1"]

1. e4 e5 2. Nf3 Nc6 3. Bb5 Nf6 4. Qe2 d6 5. c3 Bd7 6. d4 a6 7. Ba4 b5 8. Bb3
Be7 9. O-O O-O 10. Rd1 Qc8 11. Nbd2 Re8 12. Nf1 exd4 13. cxd4 Bf8 14. Ng3 Na5
15. Bc2 c5 16. dxc5 Qxc5 17. Bg5 Ng4 18. Rac1 Nc4 19. Bd3 Nge5 20. Bxc4 Nxf3+
21. Qxf3 bxc4 22. Be3 Qe5 23. Bd4 Qe6 24. Qc3 Rac8 25. Qa5 Rc6 26. h3 Qg6 27.
Rc3 Rb8 28. Re3 Rb5 29. Qd8 Qe6 30. Nf5 f6 31. Qa8 Qe8 32. Qxe8 Bxe8 33. Bc3
Rb7 34. Re2 Bd7 35. Ne3 Be6 36. f4 Rc8 37. Kf2 Be7 38. Kf3 Rb5 39. Nc2 Rb7 40.
Nb4 Ra7 41. Nd5 Bxd5 42. Rxd5 Rb7 43. Ra5 Rc6 44. Rd2 Kf7 45. Ra4 Ke6 46. Rd4
Rbc7 47. f5+ Kd7 48. g4 Ke8 49. Ke2 Rc8 50. Kd1 Bd8 51. Kc2 Bb6 52. Rd5 Bf2 53.
Bd4 Bg3 54. Rda5 Ra8 55. Rd5 Kf7 56. Ra3 Bh4 57. Bg1 Re8 58. Rd4 Be1 59. Ra4 c3
60. b3 h5 61. gxh5 Rh8 62. Rd3 Rxh5 63. Re3 Bd2 64. Rg3 Rh4 65. Be3 Rh5 66.
Bxd2 cxd2+ 67. Kxd2 d5 68. exd5 Rd6 69. Rd4 Rxf5 70. Kc3 Rfxd5 71. Rxd5 Rxd5
72. Kc4 Re5 73. b4 g5 74. a4 Kg6 75. b5 axb5+ 76. axb5 f5 77. b6 f4 78. Rb3 Re8
79. b7 Rb8 80. Kd4 g4 81. hxg4 Kg5 82. Ke4 Kxg4 83. Rb1 Kg3 84. Rg1+ Kf2 85.
Rg7 f3 86. Rf7 Ke2 87. Kd5 f2 88. Kc6 1/2-1/2

[Event "Beijing Sportaccord rap (Women)"]
[Site "Beijing"]
[Date "2014.12.11"]
[Round "3"]
[White "Cramling, Pia"]
[Black "Hou, Yifan"]
[Result "0-1"]
[WhiteElo "2518"]
[BlackElo "2673"]
[PlyCount "82"]
[EventDate "2014.12.11"]
[EventType "swiss (rapid)"]
[EventRounds "7"]
[EventCountry "CHN"]
[SourceTitle "CBM 163 Extra"]
[Source "ChessBase"]
[SourceDate "2014.12.23"]
[SourceVersion "1"]
[SourceVersionDate "2014.12.23"]
[SourceQuality "1"]

1. Nf3 e6 2. c4 b6 3. g3 Bb7 4. Bg2 f5 5. O-O Nf6 6. b3 Be7 7. Bb2 O-O 8. Qc2
a5 9. Nc3 Na6 10. a3 Qe8 11. d3 Qh5 12. Ne5 Ng4 13. Nxg4 Bxg2 14. Nh6+ Qxh6 15.
Kxg2 f4 16. d4 Rf5 17. g4 Rf7 18. f3 Qh4 19. Qd2 Rd8 20. Qe1 Qh6 21. Rd1 d5 22.
Bc1 Qg6 23. e4 fxe3 24. Qe2 Nb8 25. a4 Bg5 26. Nb5 h5 27. gxh5 Qh6 28. Rd3 c6
29. Na3 Na6 30. Nc2 e5 31. Bxe3 exd4 32. Bxd4 c5 33. Bf2 d4 34. Re1 Re7 35. Qf1
Rde8 36. Rdd1 Qxh5 37. Qd3 Bf4 38. Bg3 Nb4 39. Nxb4 Bxg3 40. hxg3 Rxe1 41. Rxe1
Rxe1 0-1

[Event "Beijing Sportaccord rap (Women)"]
[Site "Beijing"]
[Date "2014.12.11"]
[Round "4"]
[White "Hou, Yifan"]
[Black "Stefanova, Antoaneta"]
[Result "1-0"]
[WhiteElo "2673"]
[BlackElo "2517"]
[PlyCount "93"]
[EventDate "2014.12.11"]
[EventType "swiss (rapid)"]
[EventRounds "7"]
[EventCountry "CHN"]
[SourceTitle "CBM 163 Extra"]
[Source "ChessBase"]
[SourceDate "2014.12.23"]
[SourceVersion "1"]
[SourceVersionDate "2014.12.23"]
[SourceQuality "1"]

1. c4 c6 2. e4 d5 3. exd5 cxd5 4. cxd5 Nf6 5. Nc3 Nxd5 6. Nf3 Nc6 7. Bb5 Qd6 8.
O-O Bg4 9. h3 Bh5 10. d4 e6 11. g4 Bg6 12. Ne5 Be7 13. Qa4 O-O 14. Nxd5 exd5
15. Bxc6 bxc6 16. Qxc6 Rac8 17. Qxd6 Bxd6 18. Nxg6 fxg6 19. Rd1 Rc2 20. Rd2 Rc4
21. Re2 Rxd4 22. Be3 Rd3 23. Bxa7 Rxh3 24. Re6 Bf4 25. a4 Rh4 26. a5 Rxg4+ 27.
Kf1 Bh2 28. Ke2 Rb4 29. Ra2 Kf7 30. Re3 Rc8 31. b3 d4 32. Rd3 Be5 33. a6 Ke6
34. Ra5 Kd6 35. f4 Bf6 36. Bc5+ Rxc5 37. Rxc5 Rb8 38. Ra5 Kc6 39. b4 Kb6 40.
Rda3 Ka7 41. Rc5 Bd8 42. Rd5 Bf6 43. b5 Kb6 44. a7 Ra8 45. Ra6+ Kb7 46. Rd7+
Kc8 47. Rf7 1-0

[Event "Beijing Sportaccord rap (Women)"]
[Site "Beijing"]
[Date "2014.12.12"]
[Round "5"]
[White "Dzagnidze, Nana"]
[Black "Hou, Yifan"]
[Result "0-1"]
[WhiteElo "2570"]
[BlackElo "2673"]
[PlyCount "150"]
[EventDate "2014.12.11"]
[EventType "swiss (rapid)"]
[EventRounds "7"]
[EventCountry "CHN"]
[SourceTitle "CBM 163 Extra"]
[Source "ChessBase"]
[SourceDate "2014.12.23"]
[SourceVersion "1"]
[SourceVersionDate "2014.12.23"]
[SourceQuality "1"]

1. d4 e6 2. c4 b6 3. Nc3 Bb4 4. e4 Bb7 5. Bd3 f5 6. Qh5+ g6 7. Qe2 Nf6 8. Bg5
fxe4 9. Bc2 h6 10. Bxf6 Qxf6 11. Bxe4 Nc6 12. Nf3 O-O-O 13. O-O Nxd4 14. Nxd4
Qxd4 15. Rad1 Qf6 16. Bxb7+ Kxb7 17. Ne4 Qf5 18. a3 Be7 19. b4 h5 20. Rd3 d5
21. cxd5 exd5 22. Ng3 Qf7 23. Rfd1 h4 24. Nf1 Rh5 25. h3 Bf6 26. Ne3 d4 27. Ng4
Bg7 28. Rc1 Qd5 29. a4 a6 30. a5 Rhh8 31. axb6 cxb6 32. Ra1 Rhe8 33. Qd1 Re6
34. Qa4 Qb5 35. Qb3 Rde8 36. Rdd1 R8e7 37. Qf3+ Qc6 38. Qd3 Qb5 39. Qf3+ Qc6
40. Qd3 b5 41. Rac1 Qe4 42. Qd2 Rc6 43. Qg5 Rxc1 44. Rxc1 Rc7 45. Rxc7+ Kxc7
46. Qc5+ Kb7 47. Qd6 Qc6 48. Qe7+ Qc7 49. Qe4+ Ka7 50. Qxg6 Bf8 51. Qf6 Bxb4
52. Qxd4+ Bc5 53. Qd5 Qd6 54. Qe4 Kb6 55. Ne3 Qd4 56. Qe6+ Qd6 57. Nd5+ Ka5 58.
Qe4 Qf8 59. Qxh4 b4 60. Nf6 Qe7 61. Qh5 Kb5 62. Qf5 Qe1+ 63. Kh2 Qxf2 64. Qd3+
Ka5 65. Ne4 Qg1+ 66. Kg3 Qe3+ 67. Qxe3 Bxe3 68. Kf3 Bh6 69. Ke2 b3 70. Kd3 Kb4
71. g4 a5 72. g5 Bg7 73. h4 a4 74. h5 a3 75. h6 Bxh6 0-1

[Event "Beijing Sportaccord rap (Women)"]
[Site "Beijing"]
[Date "2014.12.12"]
[Round "6"]
[White "Hou, Yifan"]
[Black "Gunina, Valentina"]
[Result "0-1"]
[WhiteElo "2673"]
[BlackElo "2522"]
[PlyCount "98"]
[EventDate "2014.12.11"]
[EventType "swiss (rapid)"]
[EventRounds "7"]
[EventCountry "CHN"]
[SourceTitle "CBM 163 Extra"]
[Source "ChessBase"]
[SourceDate "2014.12.23"]
[SourceVersion "1"]
[SourceVersionDate "2014.12.23"]
[SourceQuality "1"]

1. e4 c6 2. d3 d5 3. Nd2 e5 4. Ngf3 Bd6 5. d4 exd4 6. exd5 Nf6 7. dxc6 Nxc6 8.
Be2 O-O 9. O-O Bg4 10. Nb3 Re8 11. h3 Bxf3 12. Bxf3 Be5 13. a3 Qc7 14. Kh1 Rad8
15. Qd3 Ne7 16. Bd2 Ng6 17. Rae1 b6 18. Re2 h6 19. Rfe1 Re7 20. g3 a5 21. Bg2
a4 22. Nc1 Bd6 23. Rxe7 Bxe7 24. f4 h5 25. Ne2 h4 26. g4 Nd5 27. Qxd4 Bc5 28.
Qc4 Bf2 29. Qxc7 Nxc7 30. Rf1 Rxd2 31. Rxf2 Rxc2 32. Kg1 Rxb2 33. Nc3 Rb3 34.
Nxa4 b5 35. Nb6 Rxa3 36. Rc2 Nxf4 37. Rxc7 Ra1+ 38. Bf1 Nxh3+ 39. Kh2 Ng5 40.
Bd3 g6 41. Nd5 Nf3+ 42. Kh3 Rg1 43. Nf6+ Kf8 44. Ne4 f5 45. gxf5 gxf5 46. Be2
fxe4 47. Bxf3 exf3 48. Rc3 Ke7 49. Re3+ Kd6 0-1

[Event "Beijing Sportaccord rap (Women)"]
[Site "Beijing"]
[Date "2014.12.12"]
[Round "7"]
[White "Kosintseva, Tatiana"]
[Black "Hou, Yifan"]
[Result "0-1"]
[WhiteElo "2483"]
[BlackElo "2673"]
[PlyCount "102"]
[EventDate "2014.12.11"]
[EventType "swiss (rapid)"]
[EventRounds "7"]
[EventCountry "CHN"]
[SourceTitle "CBM 163 Extra"]
[Source "ChessBase"]
[SourceDate "2014.12.23"]
[SourceVersion "1"]
[SourceVersionDate "2014.12.23"]
[SourceQuality "1"]

1. e4 c5 2. Nf3 Nc6 3. Bb5 g6 4. Bxc6 bxc6 5. O-O Bg7 6. c3 Nf6 7. Re1 O-O 8.
d4 d5 9. e5 Ne4 10. Be3 cxd4 11. cxd4 f6 12. exf6 exf6 13. Nbd2 g5 14. Rc1 Bd7
15. Qc2 Re8 16. Nb3 Rc8 17. Nfd2 f5 18. f3 Nd6 19. Bf2 f4 20. Nc5 Bf5 21. Qa4
Qb6 22. b3 Nb5 23. h3 h6 24. Nf1 Kf7 25. Nh2 h5 26. Nf1 Bf6 27. Nd2 Bg6 28. Nd7
Qb7 29. Nxf6 Kxf6 30. Qb4 Qd7 31. a4 Nd6 32. Re5 Nf7 33. Rxe8 Rxe8 34. Qc3 Re6
35. b4 Qe8 36. Nb3 Bf5 37. Nc5 Re7 38. Na6 Nd8 39. Qc5 Bd3 40. Qd6+ Kg7 41. Nb8
Nf7 42. Qxc6 Qxb8 43. Qxd5 Qxb4 44. h4 g4 45. g3 Qd2 46. Ra1 fxg3 47. Bxg3 Qe3+
48. Kh2 Qxf3 49. Qxf3 gxf3 50. Bf2 Nh6 51. Kg3 Ng4 0-1

[Event "Beijing Sportaccord blitz (Women)"]
[Site "Beijing"]
[Date "2014.12.13"]
[Round "12"]
[White "Hou, Yifan"]
[Black "Ju, Wenjun"]
[Result "1-0"]
[WhiteElo "2673"]
[BlackElo "2568"]
[PlyCount "87"]
[EventDate "2014.12.13"]
[EventType "tourn (blitz)"]
[EventRounds "30"]
[EventCountry "CHN"]
[EventCategory "12"]
[SourceTitle "CBM 163 Extra"]
[Source "ChessBase"]
[SourceDate "2014.12.23"]
[SourceVersion "1"]
[SourceVersionDate "2014.12.23"]
[SourceQuality "1"]

1. e4 c5 2. Nc3 d6 3. f4 g6 4. Nf3 Bg7 5. Bb5+ Bd7 6. Bc4 Nc6 7. O-O Be6 8. d3
Bxc4 9. dxc4 Nf6 10. Kh1 O-O 11. Qd3 a6 12. f5 Qd7 13. a3 e6 14. Bg5 Ng4 15. h3
Nge5 16. Nxe5 Nxe5 17. Qe2 exf5 18. exf5 gxf5 19. Nd5 f6 20. Bd2 Rae8 21. b3
Ng6 22. Qf2 f4 23. Bxf4 f5 24. Rad1 Re6 25. Qf3 Kh8 26. Nb6 Qe7 27. Nd5 Qd7 28.
Bd2 Qf7 29. Bc3 Be5 30. Qd3 Nh4 31. Nf4 Rf6 32. Qg3 Ng6 33. Nxg6+ Qxg6 34. Bxe5
dxe5 35. Qxe5 b6 36. Rd7 a5 37. a4 Rg8 38. Rf2 Rgf8 39. Rd6 Qg5 40. Rxb6 Qg7
41. Rxf6 Rxf6 42. Rxf5 Rxf5 43. Qxf5 Qd4 44. Qf8# 1-0

[Event "Beijing Sportaccord blitz (Women)"]
[Site "Beijing"]
[Date "2014.12.15"]
[Round "29"]
[White "Koneru, Humpy"]
[Black "Hou, Yifan"]
[Result "0-1"]
[WhiteElo "2581"]
[BlackElo "2673"]
[PlyCount "104"]
[EventDate "2014.12.13"]
[EventType "tourn (blitz)"]
[EventRounds "30"]
[EventCountry "CHN"]
[EventCategory "12"]
[SourceTitle "CBM 163 Extra"]
[Source "ChessBase"]
[SourceDate "2014.12.23"]
[SourceVersion "1"]
[SourceVersionDate "2014.12.23"]
[SourceQuality "1"]

1. d4 e6 2. Nf3 f5 3. g3 b6 4. Bg2 Bb7 5. O-O Nf6 6. c4 Be7 7. Nc3 O-O 8. b3 a5
9. Bb2 Na6 10. a3 Qe8 11. e3 Rb8 12. Nd2 Bxg2 13. Kxg2 c5 14. Qe2 Nc7 15. Rad1
d6 16. Nf3 Kh8 17. a4 Na6 18. e4 fxe4 19. Nxe4 cxd4 20. Bxd4 Nc5 21. Bxf6 Bxf6
22. Nxd6 Qc6 23. Qe3 Be7 24. Nb5 Bg5 25. Nbd4 Bxe3 26. Nxc6 Rbc8 27. fxe3 Rxc6
28. Ne5 Rcc8 29. Rxf8+ Rxf8 30. Rd6 Rb8 31. Rc6 h6 32. Kf3 Rb7 33. Ke2 Nxb3 34.
Rxe6 Nc5 35. Re8+ Kh7 36. h4 g6 37. Rd8 Nxa4 38. Rd6 Nc5 39. Nd3 Ne4 40. Rc6
Nxg3+ 41. Kf3 Nf5 42. h5 gxh5 43. Kf4 Ne7 44. Re6 Ng6+ 45. Kf5 Rf7+ 46. Ke4 Re7
47. Kd5 Rxe6 48. Kxe6 h4 49. Kf5 h3 50. Nf2 h2 51. Kg4 a4 52. Kh3 a3 0-1